| 000 | 01255 a2200277 4500 | ||
|---|---|---|---|
| 001 | 41211 | ||
| 005 | 20260407155706.0 | ||
| 008 | 260407a2003 arg spa d | ||
| 003 | AR-UNSa-BCEJYS | ||
| 040 |
_aAR-UNSa-BCEJYS _bspa _cAR-UNSa-BCEJYS |
||
| 080 |
_a347.736 _xQuiebra. Insolvencia. Suspensión de pagos. Bancarrota, procedimientos. Derecho Concursal |
||
| 245 | 1 | 0 | _aEstudios de derecho concursal en homenaje a Guillermo Mosso |
| 020 | _a950-894-392-0 | ||
| 264 | 1 |
_aBuenos Aires : _bAD-HOC _c2003 |
|
| 300 |
_a108 p. _c23 cm. |
||
| 505 | _a1. Categorización de acreedores en el concurso preventivo: el estado de las cosas - 2. Algunas consideraciones sobre la así llamada "propuesta unificada" (art. 67, L.C.Q.) - 3. El pedido de quiebra instado por el acreedor privilegiado no comprendido en el acuerdo preventivo - 4. El desapoderamiento y el bien de familia en la quiebra | ||
| 041 | _aspa | ||
| 942 | _cBK | ||
| 590 | _aniveau_biblio:m niveau_hierar:0 | ||
| 100 | 1 | _aTruffat, Edgardo Daniel | |
| 700 | 1 | _aVaiser, Lidia | |
| 700 | 1 | _aBarreiro, Marcelo G. | |
| 700 | 1 | _aLorente, Javier A. | |
| 700 | 1 | _aKuyumdjian, Bautista | |
| 856 | 4 | 1 |
_uhttps://biblioeco.unsa.edu.ar/pmb/images/libros/L126443.jpg _yImagen de portada _qimage/jpeg |
| 999 |
_c3424 _d3424 |
||